000 01203cam a2200337 i 4500
001 12502919
003 EG-ScBUE
005 20240807124603.0
008 010801s1997 ua a f b 001 0 eng d
020 _a9774244192
020 _a9789774244193
035 _a(DLC) 200130380
040 _aDLC
_beng
_erda
_cDLC
_dDLC
_dEG-ScBUE
043 _af-ua---
082 0 4 _a953.1
_222
_bJAH
100 1 _aJahn, Wolfgang,
_d1942-
_eauthor.
_98012
245 1 0 _aSinai and the Red Sea :
_bacross the land of the bedouin to the Gulf of Aqaba /
_cWolfgang and Rosel Jahn.
264 1 _aCairo :
_bThe American University in Cairo Press,
_c[1997]
264 4 _cc1997
300 _a128 pages :
_billustrations (chiefly color) ;
_c33 cm
336 _2rdacontent
_atext
_btxt
337 _aunmediated
_2rdamedia
_bn
338 _avolume
_bnc
_2rdacarrier
504 _aIncludes bibliographical references and index.
651 7 _aSinai (Egypt)
_vPictorial works.
_2BUEsh
_98013
651 7 _aRed Sea
_vPictorial works.
_2BUEsh
_98014
655 _vReading book
700 1 _aJahn, Rosel,
_d1942-
_eauthor.
_98015
942 _2ddc
_cBB
999 _c12348
_d12348